Hony in shimmer island (Record no. 473)
[ view plain ]
| 000 -LEADER | |
|---|---|
| fixed length control field | 01835nam a22002297a 4500 |
| 005 - DATE AND TIME OF LATEST TRANSACTION | |
| control field | 20230425161718.0 |
| 020 ## - INTERNATIONAL STANDARD BOOK NUMBER | |
| International Standard Book Number | 9781407139586 |
| 040 ## - CATALOGING SOURCE | |
| Original cataloging agency | FISKH |
| Language of cataloging | eng |
| Transcribing agency | FISKH |
| Modifying agency | FISKH |
| 050 ## - LIBRARY OF CONGRESS CALL NUMBER | |
| Classification number | PZ7 |
| 082 ## - DEWEY DECIMAL CLASSIFICATION NUMBER | |
| Classification number | 823.92 |
| 100 ## - MAIN ENTRY--PERSONAL NAME | |
| Personal name | Collins, Poppy |
| 245 ## - TITLE STATEMENT | |
| Title | Hony in shimmer island |
| 260 ## - PUBLICATION, DISTRIBUTION, ETC. | |
| Place of publication, distribution, etc. | London : |
| Name of publisher, distributor, etc. | Scholastic. |
| Date of publication, distribution, etc. | 2014. |
| 300 ## - PHYSICAL DESCRIPTION | |
| Extent | 79 pages : |
| Dimensions | 20 cm. |
| 505 ## - FORMATTED CONTENTS NOTE | |
| Formatted contents note | M |
| 520 ## - SUMMARY, ETC. | |
| Summary, etc. | It's the school holidays, but the fashion fairy princesses are feeling glum. They're missing Rosa, who has gone to stay with her cousin Princess Honey on Shimmer Island. Then a hummingbird flies through the castle window carrying an important message. The fashion fairy princesses have been invited to join Rosa and Honey for a holiday! They excitedly pack their suitcases with the perfect summer outfits, and then board the palace's royal butterflies to make the journey. From high above the clouds they get their first glimpse of Shimmer Island, a crescent-moon-shaped slice of paradise. The fashion fairies princesses are happy to be reunited, and Honey takes them on a tour of the island, pointing out her family's majestic sand castle, the enchanted waterfall and finally the pool, where they relax on lily pads. Then it's time for the welcome party which the islanders are throwing for the princesses. They wear flower garlands around their necks and dance to the music of the shell drums. The next day the fairies wake to find the island in uproar. The reserve bottles of sunshine that are stored behind the waterfall are missing! The fairies are determined to find the culprit, and soon trace the stolen sunlight to a grumpy old sand fairy. Can they cheer her up and get the sunshine back? |
| 521 ## - TARGET AUDIENCE NOTE | |
| Target audience note | 810 <br/> |
| Source | Lexile |
| 521 ## - TARGET AUDIENCE NOTE | |
| Target audience note | M <br/> |
| Source | Raz-Plus |
| 942 ## - ADDED ENTRY ELEMENTS (KOHA) | |
| Source of classification or shelving scheme | Dewey Decimal Classification |
| Koha item type | Books |
| Suppress in OPAC | No |
| 999 ## - | |
| -- | 473 |
| -- | 473 |
| Withdrawn status | Lost status | Source of classification or shelving scheme | Damaged status | Not for loan | Collection | Home library | Current library | Shelving location | Date acquired | Total Checkouts | Full call number | Barcode | Date last seen | Date last checked out | Price effective from | Koha item type |
|---|---|---|---|---|---|---|---|---|---|---|---|---|---|---|---|---|
| Library of Congress Classification | Juvenile Fiction | Footprints International School Library Network Toul Kork Campus | Footprints International School Library Network Toul Kork Campus | A TK Campus, 4th Floor, Room B401, Fiction Bookcases (1-6) | 04/25/2023 | 1 | COL 813.6 PZ7 | FISTKG3A039 | 09/07/2023 | 08/31/2023 | 04/25/2023 | Books |
